Manažment značky v praxi prípadové štúdie
Saved in:
| Main Author: | |
|---|---|
| Corporate Author: | |
| Other Authors: | , , , , |
| Format: | Book |
| Language: | Slovak |
| Published: |
Bratislava
Vydavateľstvo EKONÓM
2025
|
| Edition: | 1. vydanie |
| Subjects: | |
| Tags: |
No Tags, Be the first to tag this record!
|
MARC
| LEADER | 00000nam a2200000 4500 | ||
|---|---|---|---|
| 001 | 0313860 | ||
| 005 | 20260226145140.7 | ||
| 020 | |a 978-80-225-5286-8 | ||
| 041 | 0 | |a slo | |
| 044 | |a SK | ||
| 245 | 1 | 0 | |a Manažment značky v praxi |b prípadové štúdie |c Ferdinand Daňo a kolektív ; recenzenti: Gabriela Bartáková Pajtinková, Jana Kopaničová |
| 250 | |a 1. vydanie | ||
| 264 | 1 | |a Bratislava |b Vydavateľstvo EKONÓM |c 2025 | |
| 300 | |a 140 s. [5,48 AH] | ||
| 610 | 2 | 0 | |a manažment značky |
| 610 | 2 | 0 | |a prax odborná |
| 610 | 2 | 0 | |a štúdie prípadové |
| 610 | 2 | 0 | |a značky |
| 610 | 2 | 0 | |a budovanie značky |
| 610 | 2 | 0 | |a trh |
| 610 | 2 | 0 | |a marketing mix |
| 610 | 2 | 0 | |a stratégia marketingová |
| 610 | 2 | 0 | |a meranie |
| 610 | 2 | 0 | |a značky privátne |
| 610 | 2 | 0 | |a značky environmentálne |
| 100 | 1 | |a Daňo, Ferdinand, 1959- | |
| 700 | 1 | |a Kuchta, Martin, 1990- | |
| 700 | 1 | |a Klepochová, Dagmar, 1968- | |
| 700 | 1 | |a Korčoková, Marína, 1970- | |
| 700 | 1 | |a Pajtinková - Bartáková, Gabriela | |
| 700 | 1 | |a Kopaničová, Janka, 1979- | |
| 710 | 2 | |a Ekonomická univerzita v Bratislave. Obchodná fakulta | |